Pecos bill / (Record no. 6762)

MARC details
000 -LEADER
fixed length control field 00955nam a22003017a 4500
001 - CONTROL NUMBER
control field 6762
003 - CONTROL NUMBER IDENTIFIER
control field FISKH
005 - DATE AND TIME OF LATEST TRANSACTION
control field 20250801143027.0
008 - FIXED-LENGTH DATA ELEMENTS--GENERAL INFORMATION
fixed length control field 250526b cb ||||| |||| 00| 0 eng d
020 ## - INTERNATIONAL STANDARD BOOK NUMBER
International Standard Book Number 0590411101
040 ## - CATALOGING SOURCE
Original cataloging agency FISKH
Language of cataloging eng
Transcribing agency FISKH
Modifying agency FISKH
050 ## - LIBRARY OF CONGRESS CALL NUMBER
Classification number PZ8.K3 P
082 ## - DEWEY DECIMAL CLASSIFICATION NUMBER
Classification number 398.2209764
100 ## - MAIN ENTRY--PERSONAL NAME
Personal name Kellogg, Steven
Dates associated with a name (1941-)
245 ## - TITLE STATEMENT
Title Pecos bill /
Statement of responsibility, etc. A tall Tale Retold and Illustrated by Steven Kellogg
250 ## - EDITION STATEMENT
Edition statement This edition first published in 1987
260 ## - PUBLICATION, DISTRIBUTION, ETC.
Place of publication, distribution, etc. New York :
Name of publisher, distributor, etc. Scholastic,
Date of publication, distribution, etc. 1986
300 ## - PHYSICAL DESCRIPTION
Extent 38 unnumbered pages :
Other physical details color illustrations ;
Dimensions 28 cm
505 ## - FORMATTED CONTENTS NOTE
Formatted contents note P<br/>
520 ## - SUMMARY, ETC.
Summary, etc. Incidents from the life of Pecos Bill, from his childhood among the coyotes to his unusual wedding day.<br/>
521 8# - TARGET AUDIENCE NOTE
Target audience note 650<br/>
Source Lexile<br/>
521 8# - TARGET AUDIENCE NOTE
Target audience note P<br/>
Source Raz-Plus<br/>
650 ## - SUBJECT ADDED ENTRY--TOPICAL TERM
Source of heading or term Folktales
Topical term or geographic name entry element Picture book
650 ## - SUBJECT ADDED ENTRY--TOPICAL TERM
Source of heading or term Cowboys
Topical term or geographic name entry element Legends
700 ## - ADDED ENTRY--PERSONAL NAME
Personal name Kellogg, Steven
Dates associated with a name illustrator
942 ## - ADDED ENTRY ELEMENTS (KOHA)
Source of classification or shelving scheme Dewey Decimal Classification
Koha item type Books
Suppress in OPAC No
Holdings
Withdrawn status Lost status Source of classification or shelving scheme Damaged status Not for loan Collection Home library Current library Shelving location Date acquired Total Checkouts Full call number Barcode Date last seen Copy number Price effective from Koha item type Date last checked out
    Dewey Decimal Classification     Juvenile Fiction Footprints International School Library Network Toul Tom Poung Campus Footprints International School Library Network Toul Tom Poung Campus TTP Primary Orange Bookshelves 05/26/2025   KEL 398.2209764 PZ8.K3 P 2025-1400 05/26/2025 1 05/26/2025 Books  
    Dewey Decimal Classification     Juvenile Fiction Footprints International School Library Network Toul Tom Poung Campus Footprints International School Library Network Toul Tom Poung Campus TTP Primary Orange Bookshelves 07/18/2025 1 KEL 398.2209764 PZ8.K3 P FISBK06118 12/03/2025 2 07/18/2025 Books 11/28/2025
    Dewey Decimal Classification     Juvenile Fiction Footprints International School Library Network Toul Tom Poung Campus Footprints International School Library Network Toul Tom Poung Campus TTP Primary Orange Bookshelves 07/30/2025   KEL 398.2209764 PZ8.K3 P FIS01951 07/30/2025 3 07/30/2025 Books  
    Dewey Decimal Classification     Juvenile Fiction Footprints International School Library Network Toul Tom Poung Campus Footprints International School Library Network Toul Tom Poung Campus TTP Primary Orange Bookshelves 08/01/2025   KEL 398.2209764 PZ8.K3 P FISTK02330 08/01/2025 4 08/01/2025 Books